Star Wars The Clone Wars Screentime - Statistics

General Stats
  • This quiz has been taken 1,286 times
  • The average score is 17 of 30
Answer Stats
Hint Answer % Correct
5:20h Obi Wan Kenobi
98%
7:50h Anakin Skywalker
97%
3:20h Captain Rex
95%
7:51h Ahsoka Tano
93%
1:36h Yoda
92%
53min Commander Cody
89%
1:37h Mace Windu
86%
1:21h Count Dooku
83%
2:31h Padme Amidala
83%
1:01h Darth Maul
79%
1:06h Kanzler Palpatine
79%
1:23h Fives
76%
1:59h R2-D2
76%
1:02h C-3PO
74%
1:12h Asajj Ventress
72%
47min General Grievous
72%
42min Plo Koon
63%
30min Echo
62%
58min Savage Opress
59%
55min Cad Bane
53%
53min Jar Jar Binks
53%
31min Bail Organa
34%
52min Herzogin Satine
30%
34min Hondo Ohnaka
16%
31min Rush Clovis
11%
38min Lux Bonteri
8%
45min Trace Martez
4%
38min Rafa Martez
3%
34min WAC-47
3%
43min Meebur Gascon
2%
No matching quizzes found
Score Distribution
Percent of People with Each Score
Percentile by Number Answered
Your Score History
You have not taken this quiz